000 01086nam a2200301 i 4500
003 EG-GICUC
005 20260121101233.0
008 251117s1925 -uk||||f |||| 000 0 eng d
040 _aEG-GiCUC
_beng
_cEG-GiCUC
_dEG-GiCUC
_erda
041 0 _aeng
082 0 4 _221
_a339.2
_bDA . S
092 0 4 _221
099 _aLaw1 13 339.2 DA . S 2 ed - 1925
100 1 _aDalton , Hugh
245 1 0 _aSome Aspects of The Inequality of Incomes in Modern Communities /
_cBy Hugh Dalton, P.c., M.a., D.sc. (Econ.)
250 _aSecond Impression ,
_bWith An Appendix On "The Measurement Of The Inequality Of Incomes.
264 1 _aLondon :
_bGeorge Routledge & Sons, Ltd,
_c1925.
300 _a360 , 16 pages ;
_c24 cm
_billustrations,
336 _2rda content
_atext
337 _2rda media
_aComputer
338 _2rda carrier
_aOnline Resource
504 _aIncludes bibliographical references.
546 _aText in English
650 1 4 _aPublic finance and tax legislation
856 4 0 _uhttps://fll.law.cu.edu.eg/fulltext/bks/B13-07805.pdf
905 _a48
942 _2ddc
_cBK
_e21
_n0
999 _c43846
_d43846